000 00514nam a2200181Ia 4500
008 240925s9999 xx 000 0 und d
020 _a8178086814
082 _a005.74 ATZ
100 _aAtzeni, Paolo
245 0 _aData Base Systems: concepts, languages & architectures
250 _aNA
260 _aLondon:
_bMcGraw-Hill
_c,1999.
300 _axxiv,1079p.
_bNA
_fPhotocopy
500 _aIncludes Index
600 _aComputer Science
650 _aComputer science, information & general works
942 _cBK
999 _c7171
_d7171